000 00820cam a2200265 a 4500
001 7699
003 BD-RjUL
005 20211208234447.0
008 150114r19861977enk 001 0 eng d
020 _a0412149702
035 _a(BD-RjUL)7743
040 _aDLC
_cDLC
_dOCL
_dEQO
_dBD-RjUL
_beng
041 _aeng
082 _a519.53
_bEVA
100 1 _aEveritt, Brian.
_924012
245 1 4 _aThe analysis of contingency tables /
_c[by] B.S. Everitt.
260 _aLondon :
_bChapman and Hall,
_cc1977[printing1986]
300 _a[ix], 128 p. :
_btables ;
_c22 cm.
504 _aIncludes Bibliography: p. [122]-125 and index.
650 0 _aContingency tables.
_924013
830 0 _aMonographs on statistics and applied probability (Series)
_924025
942 _2ddc
_cBK
999 _c7699
_d7699